Statistics for Groups of Things 1-10 #2

Click here to take the quiz!

General Stats

  • This quiz has been taken 1,422 times
    (1,419 since last reset)
  • The average score is 32 of 55

Answer Stats

HintAnswer% Correct
4 Monopoly RailroadsB&O
85%
10 Countries Bordering BrazilArgentina
84%
10 Countries Bordering BrazilColombia
80%
3 Parts of an AtomNeutron
80%
10 Countries Bordering BrazilParaguay
80%
3 Parts of an AtomProton
80%
10 Countries Bordering BrazilBolivia
78%
10 Countries Bordering BrazilPeru
78%
10 Countries Bordering BrazilVenezuela
77%
5 Great LakesMichigan
76%
10 Countries Bordering BrazilUruguay
76%
3 Parts of an AtomElectron
75%
5 Great LakesErie
75%
2 Mediterranean Islands NationsCyprus
74%
7 Largest AirportsLondon Heathrow
73%
2 Mediterranean Islands NationsMalta
73%
10 Countries Bordering BrazilSuriname
73%
10 Countries Bordering BrazilGuyana
72%
6 New England StatesMaine
72%
5 Great LakesSuperior
72%
6 New England StatesNew Hampshire
69%
6 New England StatesVermont
68%
6 New England StatesRhode Island
67%
5 Great LakesOntario
66%
5 Great LakesHuron
65%
6 New England StatesMassachusetts
65%
9 Baltic Sea CountriesRussia
65%
9 Baltic Sea CountriesEstonia
64%
6 New England StatesConnecticut
63%
9 Baltic Sea CountriesLatvia
63%
9 Baltic Sea CountriesFinland
62%
9 Baltic Sea CountriesLithuania
62%
9 Baltic Sea CountriesSweden
61%
9 Baltic Sea CountriesDenmark
58%
9 Baltic Sea CountriesGermany
58%
9 Baltic Sea CountriesPoland
57%
10 Countries Bordering BrazilFrance
52%
1 Largest Muslim CountryIndonesia
51%
7 Largest AirportsLos Angeles International
46%
7 Largest AirportsChicago O'Hare
45%
7 Largest AirportsHartsfield-Jackson Atlanta
41%
8 Major Taxonomic RanksSpecies
39%
7 Largest AirportsTokyo Haneda
36%
8 Major Taxonomic RanksKingdom
35%
7 Largest AirportsBeijing Capital
34%
8 Major Taxonomic RanksGenus
32%
4 Monopoly RailroadsPennsylvania
32%
8 Major Taxonomic RanksPhylum
32%
8 Major Taxonomic RanksFamily
31%
4 Monopoly RailroadsReading
29%
8 Major Taxonomic RanksClass
28%
8 Major Taxonomic RanksOrder
25%
7 Largest AirportsDubai International
23%
4 Monopoly RailroadsShort Line
17%
8 Major Taxonomic RanksDomain
12%

Score Distribution

Percentile by Number Answered

Percent of People with Each Score

Your Score History

You have not taken this quiz since the last reset